El garabato de Winnicott en la pareja y el grupo / (Record no. 190089)

MARC details
000 -LEADER
campo de control de longitud fija 01015nam a2200301 i 4500
001 - NÚMERO DE CONTROL
campo de control 190089
003 - IDENTIFICADOR DE NÚMERO DE CONTROL
campo de control SpMaBN
005 - FECHA Y HORA DE LA ÚLTIMA TRANSACCIÓN
campo de control 20240105181841.0
008 - DATOS DE LONGITUD FIJA--INFORMACIÓN GENERAL
campo de control de longitud fija 200312s2016 sp a |||| | spa d
020 ## - NÚMERO INTERNACIONAL ESTÁNDAR DEL LIBRO
Número Internacional Estándar del Libro 978-84-88909-99-2
080 ## - NÚMERO DE LA CLASIFICACIÓN DECIMAL UNIVERSAL
Número de la Clasificación Decimal Universal 618.83-007.1-084
100 1# - ENTRADA PRINCIPAL--NOMBRE DE PERSONA
Nombre de persona Gasparino, Alba.
9 (RLIN) 170008
245 13 - MENCIÓN DEL TÍTULO
Título El garabato de Winnicott en la pareja y el grupo /
Mención de responsabilidad, etc. Alba Gasparino y Paz M. Loné.
250 ## - MENCION DE EDICION
Mención de edición 1ª ed.
260 ## - PUBLICACIÓN, DISTRIBUCIÓN, ETC.
Lugar de publicación, distribución, etc. Madrid :
Nombre del editor, distribuidor, etc. Psimática,
Fecha de publicación, distribución, etc. 2016.
300 ## - DESCRIPCIÓN FÍSICA
Extensión 348 p. :
Otras características físicas il. ;
Dimensiones 21 cm.
490 1# - MENCIÓN DE SERIE
Mención de serie Clínica
504 ## - NOTA DE BIBLIOGRAFÍA, ETC.
Nota de bibliografía, etc. Bibliografía: p. [337]-348.
600 14 - PUNTO DE ACCESO ADICIONAL DE MATERIA--NOMBRE DE PERSONA
Nombre de persona Winnicott, D. W.
9 (RLIN) 117095
650 14 - PUNTO DE ACCESO ADICIONAL DE MATERIA--TÉRMINO DE MATERIA
Término de materia o nombre geográfico como elemento de entrada Dibujo infantil-
Subdivisión general Aspectos psicológicos.
9 (RLIN) 11873
650 04 - PUNTO DE ACCESO ADICIONAL DE MATERIA--TÉRMINO DE MATERIA
Término de materia o nombre geográfico como elemento de entrada Niños-
Subdivisión general Psicoanálisis-
-- Casos clínicos.
9 (RLIN) 15553
650 04 - PUNTO DE ACCESO ADICIONAL DE MATERIA--TÉRMINO DE MATERIA
Término de materia o nombre geográfico como elemento de entrada Psicoanálisis.
9 (RLIN) 16530
700 1# - ENTRADA AGREGADA--NOMBRE PERSONAL
Nombre de persona Martínez Loné, Paz.
9 (RLIN) 170009
830 0# - PUNTO DE ACCESO ADICIONAL DE SERIE-TÍTULO UNIFORME
Título uniforme Clínica
9 (RLIN) 193480
852 ## - LOCALIZACIÓN
Ubicación ES-MaACL
Número de control de estantería A-14585
itemnumber 19724
Sublocalización o colección R.151883
Ubicación en estantería Depósito 1
Signatura antigua Olim: N-7585
Donativo/Legado Donación: Editorial
942 ## - ELEMENTOS DE ENTRADA SECUNDARIOS (KOHA)
Fuente del sistema de clasificación o colocación Clasificación decimal universal
Tipo de ítem Koha Libro impreso
Holdings
Estatus retirado Estado de pérdida Fuente del sistema de clasificación o colocación Estado de daño No para préstamo Biblioteca de origen Biblioteca actual Ubicación en estantería Fecha de adquisición Fuente de adquisición Total de préstamos Signatura topográfica completa Código de barras Visto por última vez Precio de reemplazo Tipo de ítem Koha
    Clasificación decimal universal     Biblioteca del Ateneo de Madrid Biblioteca del Ateneo de Madrid Depósito 1 31/05/2005 Donación   A-14585 1201747 23/02/2023 23/02/2023 Libro impreso